Vytypovanie základných okruhov problémov v komplexnej analýze nákladov podniku
Analýza nákladov na báze finančného účtovníctva. Klasifikácia nákladov podniku vo finančnom účtovníctve. Náklady vo vnútroorganizačnom účtovníctve a ich analýza. Analýza celkových nákladov, nákladovosť. Výpočet a analýza voľných fixných nákladov.
Enregistré dans:
| Auteur principal: | |
|---|---|
| Autres auteurs: | |
| Format: | Chapitre de livre |
| Langue: | slovaque |
| Sujets: | |
| Tags: |
Pas de tags, Soyez le premier à ajouter un tag!
|
MARC
| LEADER | 00000naa a2200000 4500 | ||
|---|---|---|---|
| 001 | 0124974 | ||
| 005 | 20231121095949.6 | ||
| 041 | 0 | |a slo | |
| 044 | |a SK | ||
| 245 | 1 | 0 | |a Vytypovanie základných okruhov problémov v komplexnej analýze nákladov podniku |c Viera Bartošová, Anna Jacková |
| 520 | |a Analýza nákladov na báze finančného účtovníctva. Klasifikácia nákladov podniku vo finančnom účtovníctve. Náklady vo vnútroorganizačnom účtovníctve a ich analýza. Analýza celkových nákladov, nákladovosť. Výpočet a analýza voľných fixných nákladov. | ||
| 610 | 2 | 0 | |a náklady fixné |
| 610 | 2 | 0 | |a náklady |
| 610 | 2 | 0 | |a podnik |
| 610 | 2 | 0 | |a účtovníctvo finančné |
| 610 | 2 | 0 | |a systémy informačné |
| 610 | 2 | 0 | |a účtovníctvo manažérske |
| 610 | 2 | 0 | |a analýza nákladov |
| 100 | 1 | |a Bartošová, Viera | |
| 700 | 1 | |a Jacková, Anna | |